000 00230nam a22000857a 4500
008 170601b xxu||||| |||| 00| 0 eng d
100 _93197
_aChildren's Book Trust
245 _aShout Stories for Children
260 _aNew Delhi
_bCBT
_c1982
999 _c6509
_d6509